|
|
|
|
| LEADER |
00741cam a2200217 7i4500 |
| 001 |
0000006665 |
| 005 |
20090713090000.0 |
| 020 |
|
|
|a 9780071163804
|
| 020 |
|
|
|a 0071163808 (pbk.)
|
| 050 |
0 |
0 |
|a HD58.7 IVA 2002
|
| 090 |
0 |
0 |
|a HD58.7
|b .I93 2002
|
| 100 |
1 |
|
|a Ivancevich, John M
|
| 245 |
1 |
0 |
|a Organizational behavior and management
|c John M. Ivancevich, Michael T. Matteson.
|
| 250 |
|
|
|a 6th ed.
|
| 260 |
|
|
|a Boston:
|b McGraw-Hill,
|c 2002.
|
| 300 |
|
|
|a xxiv, 695 p.:
|b ill.;
|c 26 cm.
|
| 504 |
|
|
|a Includes bibliographical references and index
|
| 650 |
0 |
0 |
|a Organizational behavior
|
| 700 |
1 |
|
|a Matteson, Michael T
|
| 999 |
|
|
|a 0000005263
|b BOK
|c OPEN SHELF
|e 1st Floor, Bestari Jaya
|
| 999 |
|
|
|a 0000028285
|b BOK
|c OPEN SHELF
|e 1st Floor, Shah Alam
|